000 00915nam a2200241Ia 4500
001 7989
003 GE_BSU
008 181216s||||||||xx |||||||||||||| ||und||
020 _a9789941050213
040 _cGE_BSU
080 _a821.353.1
100 _aახალაძე,ადამ(არქიმანდრიტი)
245 _aმარადისობის მონატრება შებინდებისას
245 _bლექსები
245 _cემზარ კვიტაიშვილის რედ. და წინასიტყვაობით.
260 _aთბილისი
260 _bმერიდიანი
260 _c2012
300 _a22სმ,226 გვ;ილ.
653 _aლექსები
653 _aმარადისობის მონატრება შებინდებისას
942 _cBK
999 _c41331
_d41331